<?xml version="1.0" encoding="UTF-8"?>
<record
    xmlns:xsi="http://www.w3.org/2001/XMLSchema-instance"
    xsi:schemaLocation="http://www.loc.gov/MARC21/slim http://www.loc.gov/standards/marcxml/schema/MARC21slim.xsd"
    xmlns="http://www.loc.gov/MARC21/slim">

  <leader>00548    a2200193   4500</leader>
  <datafield tag="999" ind1=" " ind2=" ">
    <subfield code="c">26199</subfield>
    <subfield code="d">26199</subfield>
  </datafield>
  <controlfield tag="008">230425b           ||||| |||| 00| 0 eng d</controlfield>
  <datafield tag="020" ind1=" " ind2=" ">
    <subfield code="a">9789395161855</subfield>
  </datafield>
  <datafield tag="041" ind1="0" ind2=" ">
    <subfield code="a">eng</subfield>
  </datafield>
  <datafield tag="082" ind1="0" ind2="0">
    <subfield code="a">670.285</subfield>
    <subfield code="b">R128</subfield>
  </datafield>
  <datafield tag="100" ind1=" " ind2=" ">
    <subfield code="a">Radhakrishnan, P.</subfield>
    <subfield code="9">5454</subfield>
  </datafield>
  <datafield tag="245" ind1=" " ind2=" ">
    <subfield code="a">CAD/CAM/CIM /</subfield>
  </datafield>
  <datafield tag="250" ind1=" " ind2=" ">
    <subfield code="a">5th ed.</subfield>
  </datafield>
  <datafield tag="260" ind1=" " ind2=" ">
    <subfield code="b">New Age International Publishers,</subfield>
    <subfield code="a">New Delhi:</subfield>
    <subfield code="c">2024.</subfield>
  </datafield>
  <datafield tag="300" ind1=" " ind2=" ">
    <subfield code="a">xvi, 742 p.</subfield>
  </datafield>
  <datafield tag="650" ind1=" " ind2="0">
    <subfield code="a">CAD/CAM Systems</subfield>
  </datafield>
  <datafield tag="700" ind1=" " ind2=" ">
    <subfield code="9">5455</subfield>
    <subfield code="a">Subramanyan, S.</subfield>
  </datafield>
  <datafield tag="700" ind1=" " ind2=" ">
    <subfield code="9">5456</subfield>
    <subfield code="a">Raju, V.</subfield>
  </datafield>
  <datafield tag="942" ind1=" " ind2=" ">
    <subfield code="2">ddc</subfield>
    <subfield code="c">BK</subfield>
  </datafield>
  <datafield tag="952" ind1=" " ind2=" ">
    <subfield code="0">0</subfield>
    <subfield code="1">0</subfield>
    <subfield code="2">ddc</subfield>
    <subfield code="4">0</subfield>
    <subfield code="6">670_285000000000000_R128</subfield>
    <subfield code="7">0</subfield>
    <subfield code="9">50627</subfield>
    <subfield code="a">CL</subfield>
    <subfield code="b">CL</subfield>
    <subfield code="c">REF</subfield>
    <subfield code="d">2023-04-25</subfield>
    <subfield code="e">24</subfield>
    <subfield code="g">394.21</subfield>
    <subfield code="o">670.285 R128</subfield>
    <subfield code="p">13837</subfield>
    <subfield code="r">2023-04-25</subfield>
    <subfield code="v">499.00</subfield>
    <subfield code="y">BK</subfield>
  </datafield>
  <datafield tag="952" ind1=" " ind2=" ">
    <subfield code="0">0</subfield>
    <subfield code="1">0</subfield>
    <subfield code="2">ddc</subfield>
    <subfield code="4">0</subfield>
    <subfield code="6">670_285000000000000_R128</subfield>
    <subfield code="7">0</subfield>
    <subfield code="9">50628</subfield>
    <subfield code="a">CL</subfield>
    <subfield code="b">CL</subfield>
    <subfield code="d">2023-04-25</subfield>
    <subfield code="e">24</subfield>
    <subfield code="g">394.21</subfield>
    <subfield code="o">670.285 R128</subfield>
    <subfield code="p">13838</subfield>
    <subfield code="r">2023-04-25</subfield>
    <subfield code="v">499.00</subfield>
    <subfield code="y">BK</subfield>
  </datafield>
  <datafield tag="952" ind1=" " ind2=" ">
    <subfield code="0">0</subfield>
    <subfield code="1">0</subfield>
    <subfield code="2">ddc</subfield>
    <subfield code="4">0</subfield>
    <subfield code="6">670_285000000000000_R128</subfield>
    <subfield code="7">0</subfield>
    <subfield code="9">50629</subfield>
    <subfield code="a">CL</subfield>
    <subfield code="b">CL</subfield>
    <subfield code="d">2023-04-25</subfield>
    <subfield code="e">24</subfield>
    <subfield code="g">394.21</subfield>
    <subfield code="o">670.285 R128</subfield>
    <subfield code="p">13839</subfield>
    <subfield code="r">2023-04-25</subfield>
    <subfield code="v">499.00</subfield>
    <subfield code="y">BK</subfield>
  </datafield>
  <datafield tag="952" ind1=" " ind2=" ">
    <subfield code="0">0</subfield>
    <subfield code="1">0</subfield>
    <subfield code="2">ddc</subfield>
    <subfield code="4">0</subfield>
    <subfield code="6">670_285000000000000_R128</subfield>
    <subfield code="7">0</subfield>
    <subfield code="9">50630</subfield>
    <subfield code="a">CL</subfield>
    <subfield code="b">CL</subfield>
    <subfield code="d">2023-04-25</subfield>
    <subfield code="e">24</subfield>
    <subfield code="g">394.21</subfield>
    <subfield code="o">670.285 R128</subfield>
    <subfield code="p">13840</subfield>
    <subfield code="r">2023-04-25</subfield>
    <subfield code="v">499.00</subfield>
    <subfield code="y">BK</subfield>
  </datafield>
  <datafield tag="952" ind1=" " ind2=" ">
    <subfield code="0">0</subfield>
    <subfield code="1">0</subfield>
    <subfield code="2">ddc</subfield>
    <subfield code="4">0</subfield>
    <subfield code="6">670_285000000000000_R128</subfield>
    <subfield code="7">0</subfield>
    <subfield code="9">50631</subfield>
    <subfield code="a">CL</subfield>
    <subfield code="b">CL</subfield>
    <subfield code="d">2023-04-25</subfield>
    <subfield code="e">24</subfield>
    <subfield code="g">394.21</subfield>
    <subfield code="o">670.285 R128</subfield>
    <subfield code="p">13841</subfield>
    <subfield code="r">2023-04-25</subfield>
    <subfield code="v">499.00</subfield>
    <subfield code="y">BK</subfield>
  </datafield>
</record>
